5HLuxD.jpg

KING HENRY VIII SENIOR AND PRIMARY SCHOOL LIBRARY OPAC

Developing poetry skills : (Record no. 387)

000 -LEADER
fixed length control field 00762pam a2200253 a 4500
001 - CONTROL NUMBER
control field 013801769
003 - CONTROL NUMBER IDENTIFIER
control field UkOxU
005 - DATE AND TIME OF LATEST TRANSACTION
control field 20190809083751.0
008 - FIXED-LENGTH DATA ELEMENTS--GENERAL INFORMATION
fixed length control field 981102s1998 enk j 000 0 eng d
015 ## - NATIONAL BIBLIOGRAPHY NUMBER
National bibliography number GB 98-76964
020 ## - INTERNATIONAL STANDARD BOOK NUMBER
International Standard Book Number 0435104128
020 ## - INTERNATIONAL STANDARD BOOK NUMBER
International Standard Book Number 9780435104122
035 ## - SYSTEM CONTROL NUMBER
System control number BNB2515.473
040 ## - CATALOGING SOURCE
Original cataloging agency DB/U-1
Transcribing agency KH8
082 ## - DEWEY DECIMAL CLASSIFICATION NUMBER
Classification number 808.81 BAR
100 1# - MAIN ENTRY--PERSONAL NAME
Personal name Barton, Geoff.
Relator term author
245 10 - TITLE STATEMENT
Title Developing poetry skills :
Remainder of title reading poetry 11-14 /
Statement of responsibility, etc. Geoff Barton.
260 ## - PUBLICATION, DISTRIBUTION, ETC.
Place of publication, distribution, etc. London :
Name of publisher, distributor, etc. Heinemann,
Date of publication, distribution, etc. 1998.
300 ## - PHYSICAL DESCRIPTION
Extent 128 p. :
Other physical details col. ill. ;
Dimensions 27 cm.
650 #0 - SUBJECT ADDED ENTRY--TOPICAL TERM
Topical term or geographic name entry element Language arts (Secondary)
650 #0 - SUBJECT ADDED ENTRY--TOPICAL TERM
Topical term or geographic name entry element English poetry
Form subdivision Problems, exercises, etc.
-- Juvenile literature.
942 ## - ADDED ENTRY ELEMENTS (KOHA)
Source of classification or shelving scheme
Koha item type Books - Non Ficton
Holdings
Withdrawn status Lost status Source of classification or shelving scheme Damaged status Not for loan Collection code Permanent Location Current Location Shelving location Date acquired Total Checkouts Full call number Barcode Date last seen Date last checked out Price effective from Koha item type
          Non-Fiction KH8 Senior School Library KH8 Senior School Library Non Fiction 2019-08-09 2 808.81 BAR 3KHSL000100084 2023-11-23 2023-11-23 2019-08-09 Books - Non Ficton

Powered By KH8 IT Dept